Transnational corporations and industrial hazards disclosure (Бичлэгийн дугаар. 145701)
| 000 -УДИРДЛАГА | |
|---|---|
| Удирдлага | 01324nam a22003737a 4500 |
| 003 - ХЯНАЛТЫН ТОО ТОДОРХОЙЛОГЧ | |
| Код | MN-UlNUM |
| 005 - БИЧИЛТ ХИЙСЭН ОГНОО | |
| Тухайн бичилтийг бичсэн засварласан сүүлийн огноо | 20251119141640.0 |
| 008 - ЕРӨНХИЙ МЭДЭЭЛЭЛ | |
| Ерөнхий мэдээлэл | 251119s1991 nyu|b||| |||i|00| 0 eng | |
| 020 ## - ISBN | |
| ISBN | 9211043751 |
| 040 ## - БИЧЛЭГ ҮҮСГЭГЧ БАЙГУУЛЛАГА | |
| Бичлэг үүсгэгч номын сангийн код | МУИС-ийн номын сан |
| 084 ## - ББК АНГИЛАЛ | |
| Нэмэлт тусгалт | Бусад |
| ББК ангилал | 60.56 |
| Зохиогчийн гурван тэмдэгт | B 24 |
| Мэдлэгийн ялгаа | 6 - Нийгэм |
| 100 1# - ЗОХИОГЧ | |
| Зохиогчийн нэр | Baram, Michael S. |
| 245 10 - ҮНДСЭН ГАРЧИГ | |
| Номын нэр | Transnational corporations and industrial hazards disclosure |
| Оролцогчдын тухай мэдээ | United Nations Centre on Transnational Corporations. |
| 260 ## - ГАРАЛТЫН МЭДЭЭ | |
| Хэвлэгдсэн газар | New York : |
| Хэвлэлийн газар | United Nations, |
| Хэвлэгдсэн он | 1991. |
| 300 ## - МАТЕРИАЛЫН ТОДОРХОЙЛОЛТ | |
| хуудасны тоо | v, 96 p. ; |
| Хэмжээ | 28 cm. |
| 490 ## - БОТЬ / ЦУВРАЛЫН ТУХАЙ МЭДЭЭ | |
| Боть / цувралын зохиогч | Environment series ; |
| Боть / цувралын дугаар | no. 1 |
| 500 ## - Тайлбар | |
| Дансны дугаар | БС 3963 |
| 546 ## - ХЭЛНИЙ ТУХАЙ МЭДЭЭ | |
| Хэл | Англи хэл дээр, |
| 653 ## - Түлхүүр үг | |
| Түлхүүр үг | hazardous substances $x Law and legislation |
| 653 ## - Түлхүүр үг | |
| Түлхүүр үг | industrial safety $x Law and legislation |
| 653 ## - Түлхүүр үг | |
| Түлхүүр үг | international business enterprises $x Law and legislation |
| 653 ## - Түлхүүр үг | |
| Түлхүүр үг | disclosure of information $x Law and legislation |
| 653 ## - Түлхүүр үг | |
| Түлхүүр үг | risk communication |
| 740 ## - НОМЫН ГАРЧИГ | |
| Гарчиг | Construction of facilities |
| 740 ## - НОМЫН ГАРЧИГ | |
| Гарчиг | Operation of facilities |
| 740 ## - НОМЫН ГАРЧИГ | |
| Гарчиг | Sale of products |
| 740 ## - НОМЫН ГАРЧИГ | |
| Гарчиг | Management of workplaces |
| 740 ## - НОМЫН ГАРЧИГ | |
| Гарчиг | Other disclosure polisies |
| 740 ## - НОМЫН ГАРЧИГ | |
| Гарчиг | Relevant Considerations for Developing Nations |
| 740 ## - НОМЫН ГАРЧИГ | |
| Гарчиг | Recommendations for Legislation by Developing Nations |
| 942 ## - ЭЛЕМЕНТИЙН ТӨРӨЛ | |
| Зүйлийн төрөл | Ном |
